Zákon Národnej rady Slovenskej republiky z 24. augusta 1994 č. 273/1994 Z.z. o zdravotnom poistení, ...

Úplné znenie zákona NR SR č. 273/1994 Z.z. o zdravotnom poistení, financovaní zdravotného poistenia, o zriadení Všeobecnej zdravotnej poisťovne a o zriaďovaní rezortných, odvetvových, podnikových a občianskych zdravotných poisťovní v znení neskorších zákonov. Dôvodová správa k zákonu, ktorým sa mení...

ver descrição completa

Na minha lista:
Detalhes bibliográficos
Formato: Capítulo de Livro
Idioma:eslovaco
Assuntos:
Tags: Adicionar Tag
Sem tags, seja o primeiro a adicionar uma tag!

MARC

LEADER 00000naa a2200000 4500
001 r032277
005 20230926072525.3
041 0 |a slo 
044 |a SK 
245 1 0 |a Zákon Národnej rady Slovenskej republiky z 24. augusta 1994 č. 273/1994 Z.z. o zdravotnom poistení, ... 
520 |a Úplné znenie zákona NR SR č. 273/1994 Z.z. o zdravotnom poistení, financovaní zdravotného poistenia, o zriadení Všeobecnej zdravotnej poisťovne a o zriaďovaní rezortných, odvetvových, podnikových a občianskych zdravotných poisťovní v znení neskorších zákonov. Dôvodová správa k zákonu, ktorým sa mení dopĺňa zákon o zdravotnom poistení. 
610 2 0 |a poistenie zdravotné 
610 2 0 |a zákony 
610 2 0 |a Slovensko 
610 2 0 |a novelizácia 
610 2 0 |a 1994-1998